| 000 | 00624nam a2200229Ia 4500 | ||
|---|---|---|---|
| 005 | 20250425160745.0 | ||
| 008 | 250425s9999 xx 000 0 und d | ||
| 020 | _a970100556180 | ||
| 041 | _aspa | ||
| 082 | _a658.1 | ||
| 100 | _aSCHROEDER, ROGER G. | ||
| 245 | 0 | _aADMINISTRACION DE OPERACIONES:TOMA DE DECISIONES EN LA FUNCION DE OPERACIONES | |
| 250 | _a3A ED. | ||
| 260 | _aMEXICO | ||
| 260 |
_aMéxico _bMCGRAW HILL _c1992 |
||
| 300 | _a855 | ||
| 650 | _aADMINISTRACION DE LA PRODUCCION | ||
| 650 | _aOPERACIONES ADMINISTRATIVAS | ||
| 650 | _aPLANIFICACION OPERACIONAL | ||
| 942 | _c01 | ||
| 010 | _a4526 | ||
| 999 |
_c195532 _d195532 |
||